00766nam a2200241Ia 450000100060000000300090000600800410001504000130005604000130006904100130008210000220009510000290011724500580014624500580020425000110026226000170027326000110029026000490030130000410035050000780039165000240046965000310049321829IT-RoPAU130308s9999 xx 000 0 und d aIT-RoPAU cIT-RoPAU aITALIANO aAbruzzese Alberto gCodice Aut. SPICS: 10106 aFantasma fracassone (Il)-Pci e politica della cultura bFantasma Fracassone (Il)-Pci e Politica della Cultura a1a ed. aCOSENZA/ROMA bLerici c1982 [1° Ed.:1982 - Ed.Ling.Originale:1982] a"82 p. (prefazione: no ; testo: 82)" aIntellettuali e Pci Pci e Intellettuali Pci e Mass Media Mass Media e Pci aSAGGI DI SOCIOLOGIA eCodice materia Spics: 3657